Statistics for Biology 100 final

Click here to take the quiz!

General Stats

  • This quiz has been taken 19 times
    (11 since last reset)
  • The average score is 13 of 57

Answer Stats

DefinitionTerm% Correct
everything thats not a prokaryote, more complexeukaryote
63%
an infectious particle consisting of a little bit of nucleic acidvirus
63%
rod shaped prokaryotic bacteria, may also be threadlike, or filamentsbacilli
50%
only present in plantschloroplast
50%
help prokaryotes move in their environment; protein tails that rotate like a propellerFlagella
50%
possible explanation for an observationHypothesis
50%
bacteria and archaea, not complexprokaryote
50%
made up of amino acids,, building blocksproteins
50%
immune proteins produced when the immune system detects an antigenantibodies
38%
present in all cellscell membrane
38%
only present in bacteria and plant cellscell wall
38%
fatslipids
38%
single/simple sugarmonosaccharides
38%
not present in bacterianucleus
38%
many sugars bonded togetherpolysaccharides
38%
any molecule that causes an adaptive immune responseantigen
25%
process of dividing the prokaryote in halfbinary fission
25%
spherical prokaryotic cells , sometimes occur in chains that are called steptococcicocci
25%
DNA or RNA can be present in animal viruses, but mist plant viruses are made up of _____.RNA
25%
steroids
25%
A set of defenses that is activated only after exposure to specific antigensAdaptive/ Acquired immunity
13%
when the bacteria becomes resistant to the antibioticsantibiotic resistance
13%
the use of organisms to remove pollutants from the soild, air or waterbioremediation
13%
3 processes that contribute to viral diseasebleh
13%
covers the cell wall of many prokaryotes, made up of a sticky layer of proteincapsule
13%
harvest the energy from sunlight but gets their carbon atoms from organic moleculeschemoautotrophs
13%
harnesses the energy stored in chemicals- provides energy to prokaryoteschemotrophs
13%
2. Viruses from other animals spread to humanscontact between species
13%
the third stage of binary fission, the cell is divided into two daughter cellsdivision
13%
the first stage of binary fission, the chromosome is duplicated and the copies are seperatedduplication
13%
the second stage of binary division, the cell is elongated and the copies are movedelongated
13%
a thick protective coat that can dehydrate and is tolerant of extreme and harsh conditionsendospores
13%
components of the outer membrane of gram-negative bacteria, released when the cell dies or is digested by a defensive cellendotoxins
13%
proteins secreted by bacteria cells, some of the most powerful toxinsexotoxins
13%
thrive in very salty placesextreme halophiles
13%
thrive in very hot water, such as geysers and acid poolsextreme thermophiles
13%
provide energy, insulation, form plasma membrane, form hormonesfats
13%
hairlike projections that enable prokaryotes to stick to their substrate or surface or each otherfimbriae
13%
more complex cell walls containing less peptidoglycan and protective outer membrane- more likely to cause disease, turns pink under the microscopeGram- negative
13%
simpler cell walls containing a thick layer of peptidoglycan, turns purple under the microscopegram-positive
13%
white blood cells that are responsible for the production of antibodieslymphocytes
13%
live in anaerobic (no oxygen) enviroments and give off methane as a water product from the digestive tracts of cattle and deermethanogens
13%
1. RNA viruses ______ rapidly.Mutation
13%
phospholipids
13%
obtain energy from sunlight and use carbon dioxide for carbonphotoautotrophs
13%
obtain energy from sunlight, but get their carbon atoms from organic moleculesphotoheterotrophs
13%
potential outcome of an experiment based on hypothesisprediction
13%
occurs upon the first exposure to the antigen, slowerprimary immune response
13%
form structuarl parts of the cellproteins
13%
the secondary exposure to the antigen, faster than the primarysecondary immune response
13%
spiral prokaryote shaped like a corkscrew, rigid and short spiralsspirilla
13%
the longer and more flexible spiral prokaryotic bacteriaspirochetes
13%
3. viruses spread from isolated human population to larger human populationspread
13%
provide energy and come in different formssugars
13%
how adaptive immunity can be obtained by the administration of a vaccinevaccination
13%
composed of a harmless varriant or part of a disease cause microbe, such as inactivated bacterial toxinvaccine
13%
speed up chemical reactionsenztmes
0%

Score Distribution

Percentile by Number Answered

Percent of People with Each Score

Your Score History

You have not taken this quiz since the last reset